English and Scottish popular ballads /

Bibliographic Details
Other Authors: Child, Francis James, 1825-1896 (Editor), Sargent, Helen Child (Editor), Kittredge, George Lyman, 1860-1941 (Editor)
Format: Book
Language:English
Published: Boston : H. Mifflin, [1932]
Edition:Student's Cambridge ed.
Series:Cambridge edition of the poets.
Subjects:

MARC

Tag First Indicator Second Indicator Subfields
LEADER 00000cam a2200000 i 4500
001 in00001361920
005 20151006093541.0
008 770708s1932 xx 000 0 eng d
019 |a 16674117 
035 |a (OCoLC)03102573 
035 |9 AHK1388AM 
040 |a IRU  |c IRU  |d OQP  |d UMC  |d TXA  |d UtOrBLW 
043 |a e-uk-en  |a e-uk-st 
049 |a TXAM 
082 0 0 |a 821.04 
090 |a PR1181  |b .E5 1932 
245 0 0 |a English and Scottish popular ballads /  |c [edited from the collection of Francis James Child by Helen Child Sargent and George Lyman Kittredge]. 
250 |a Student's Cambridge ed. 
264 1 |a Boston :  |b H. Mifflin,  |c [1932] 
264 4 |c ©1932 
300 |a xxxi, 729 pages :  |b frontispiece portrait ;  |c 22 cm. 
336 |a text  |b txt  |2 rdacontent 
337 |a unmediated  |b n  |2 rdamedia 
338 |a volume  |b nc  |2 rdacarrier 
490 1 |a The Cambridge poets 
500 |a "A selection from the materials collected and edited by Mr. Child ... prepared in accordance with a plan which he had approved. Each of the three hundred and five ballads in his large collection (except nos. 33, 279, 281, 290, and 299) is represented ... without the apparatus criticus, and with very short introudctions." 
500 |a Cushing Owens copy: inscribed by William A. Owens. 
650 0 |a Ballads, English  |v Texts. 
650 0 |a Ballads, Scots  |x Texts. 
700 1 |a Child, Francis James,  |d 1825-1896,  |e editor. 
700 1 |a Sargent, Helen Child,  |e editor. 
700 1 |a Kittredge, George Lyman,  |d 1860-1941,  |e editor. 
830 0 |a Cambridge edition of the poets. 
999 |a MARS 
999 f f |s 459de08c-37df-3389-a9ad-0f2dc0e3ee89  |i 6169d005-60c2-3ddb-b893-c5aebfb696b4  |t 0 
952 f f |p noncirc  |a Texas A&M University  |b College Station  |c Cushing Memorial Library & Archives  |d Cushing: Owens (Does not check out)  |t 0  |e PR1181 .E5 1932  |h Library of Congress classification  |i unmediated -- volume 
998 f f |a PR1181 .E5 1932  |t 0  |l Cushing: Owens (Does not check out)